02514cam a22002655a 4500999001700000005001700017008004100034020001500075020001800090040003600108082002400144100002700168245004100195250001300236260004600249300003500295500019000330504005200520520148300572650002402055651001002079653002002089942000802109952013102117 c27461d2743220190518095803.0950424s1994 enka frb 001 0 eng d a0486682307 a9780486682303 aUkbengcUkdEG-ScBUEdEG-ScBUE04a629.133352bJOH2221 aJohnson, Wayne,d1946-10aHelicopter theory / cWayne Johnson. 3Rev. ed. aNew York :bDover publications ;cc.1994. axxii,1089 p. :bill. ;c22 cm. a"This Dover edition ... is an unabridged and slightly corrected republication of the work first published by the Princeton University Press, Princeton, New Jersey, in 1980"--T.p. verso. aIncludes bibliographical references and index.  aThe history of the helicopter may be traced back to the Chinese flying top (c. 400 B.C.) and to the work of Leonardo da Vinci, who sketched designs for a vertical flight machine utilizing a screw-type propeller. In the late nineteenth century, Thomas Edison experimented with helicopter models, realizing that no such machine would be able to fly until the development of a sufficiently lightweight engine. When the internal combustion gasoline engine came on the scene around 1900, the stage was set for the real development of helicopter technology. While this text provides a concise history of helicopter development, its true purpose is to provide the engineering analysis required to design a highly successful rotorcraft. Toward that end the book offers thorough, comprehensive coverage of the theory of helicopter flight: the elements of vertical flight, forward flight, performance, design, mathematics of rotating systems, rotary wing dynamics and aerodynamics, aeroelasticity, stability and control, stall, noise and more. Wayne Johnson has worked for the U.S. Army and NASA at the Ames Research Center in California. Through his company Johnson Aeronautics, he is engaged in the development of software that is used throughout the world for the analysis of rotorcraft. In this book, Dr. Johnson has compiled a monumental resource that is essential reading for any student or aeronautical engineer interested in the design and development of vertical-flight aircraft. 7aHelicopters.2BUEsh 2BUEsh bENGGENcMay2019 2ddc 00102ddc40708unknownaMAINbMAINc1STd2019-05-14ePurchaseg450.00l0o629.133352 JOHp000043493r2025-07-15 00:00:00yBB